=LDR 00000nam 2200000 4500 =001 INLIS000000000043919 =005 20241202034409 =035 ##$$a 0010-101300000001841 =008 241202################g##########0#ind## =041 ##$$a ind =082 ##$$a 346.082 =090 ##$$a 346.082, Sal p =100 ##$$a Salim =245 1#$$a Perkembangan hukum jaminan di Indonesia, /$c H. Salim HS =260 ##$$a Jakarta :$b PT. RajaGrafindo Persada,$c 2004 =300 ##$$a xiii, 354 hlm, ; $c 21 X 15 cm =650 #4$$a Bank dan Perbankan - Aspek Hukum =850 ##$$a NBPNMAT =020 ##$$a 979-3654-08-2 =084 ##$$a 346.082 SAL p =990 ##$$a 90356/BPAP-NTB/2014 =990 ##$$a 21196384/BPAP-NTB/2014 =990 ##$$a 21196385/BPAP-NTB/2014 =990 ##$$a 21400613/BPAP-NTB/20142014